Statistics for Twenty One Pilots Song Quiz

Click here to take the quiz!

General Stats

  • This quiz has been taken 2,813 times
  • The average score is 12 of 15

Answer Stats

HintAnswer% Correct
She asked me son when I grow old, will you buy me a _____ __ ____House of Gold
97%
I was told when I get older all my fears would shrink, but now I'm insecure and I care what people thinkStressed Out
95%
I know where you stand, silent in the _____Trees
91%
I'm trying, I'm trying to sleepGuns For Hands
89%
Don't forget about me, even when I _____ you, I'm no good without youDoubt
87%
Am I the only one I know, waging my wars behind my face and above my throatMigraine
86%
I'll stay awake, cause the darks not taking prisoners tonightOde to Sleep
83%
But I know a thing or two about pain and darknessLane Boy
81%
Won't you stay alive, I'll take you on a ride. I will make you believe you are ______Lovely
76%
My pretty sleeperOh, Miss Believer
76%
I know my soul's freezing, hell's hot for good reasonThe Judge
75%
______ _____ remove your hands from over your eyes meFriend Please
64%
A shadow tilts its head at me, spirits in the dark are waitingHometown
58%
They will play a game and say they know what you're going throughKitchen Sink
56%
We have romantic fantasies about what dying truly isGlowing Eyes
54%

Score Distribution

Percentile by Number Answered

Percent of People with Each Score

Your Score History

You have not taken this quiz